00487nam a2200121Ia 4500008004100000082001400041100002100055245008300076260003400159365000600193630008300199730008300282100415s9999 xx 000 0 und d b1848a597 aHarmer SF (ed.) aThe Cambridge Natural History : Hemichordata, Ascidians and Amphioxus, Fishes, aLONDONc1904bMACMILLAN & CO. b0 aThe Cambridge Natural History : Hemichordata, Ascidians and Amphioxus, Fishes, aThe Cambridge Natural History : Hemichordata, Ascidians and Amphioxus, Fishes,